00783nab a2200205 uc450000100070000000500170000700800410002403500110006503500210007604000130009704100080011024500510011861000360016965000440020565000360024965000580028577302050034394200100054899900190055882763220240717133015.0030619s1892 spa  a827632 a(OCoLC)820032373 ccomduadb aspa10aInforme del rector de la Universidad del Cauca17aUniversidad del Cauca29824223 aUniversidad del Cauca - Informes988888 aInformes de actividades9117883 7aEducación públicaxHistoriazColombia2lemb940120 tAnales de la Instrucción Pública de Colombia (Bogotá)gAnales de la Instruccion Publica de Colombia. Vol. 20, Nos. 114-119, de 1892. Indice, Vol. 20, No. 114, Ene. 1892, p. 72-79w7773640257257 cARIMP c281935d281935